000 00458nam a2200181Ia 4500
001 13860
005 20260306164832.0
008 260306t2002||||xx |||||||||||||| ||spa||
041 _aESP
082 _a005.369VB
_bF81
100 _aFrancia Huambachano, Darío Rafael
_eAUT
245 0 _aDesarrollo de aplicaciones visual C.++.NET
260 _c2002
300 _a412 páginas :
_c21 cm.
650 _aGEN
654 _aCCC
942 _cLIB
_dJUS
_fJUS
_2ddc
_n
999 _c13860
_d13860